01014cam a22002774a 450000100090000000300040000900500170001300800410003001000170007102000280008804000390011604200080015505000240016310000230018724501240021025000160033426000460035030000470039650000200044365000260046365000330048970000230052270000330054585600850057885600730066311949742OSt20230824100714.0000322s2001 maua 001 0 eng  a 00036959  a0072314478 (alk. paper) aDLCcDLCdChuka University Library apcc00aHD 30.22b.B75 20011 aBrickley, James A.10aManagerial economics and organizational architecture /cJames A. Brickley, Clifford W. Smith, Jr., Jerold L. Zimmerman. a2nd edition aBoston, Mass.:bIrwin/McGraw-Hill,c2001. axxiv, 616 pages :billustrations ;c26 cm. aIncludes index. 0aManagerial economics. 0aOrganizational Effectiveness1 aSmith, Clifford W.1 aZimmerman, Jerold L.,d1947-423Publisher descriptionuhttp://www.loc.gov/catdir/description/mh021/00036959.html413Table of contentsuhttp://www.loc.gov/catdir/toc/mh021/00036959.html